00291cam a2200133ua 4500001000400000008003900004040000900043041001200052082001600064100001900080245003000099300001000129653001800139772131120n II |||gr||||Z||||||asm aMAIN aEnglish a891.454 BAR aBARUAH, DUTTA. aLABA KUSHAR JUDDHA (Play) c18CM. aAsomiya Natak